| Поле | Инд. | ПП | Название | Значение |
|---|---|---|---|---|
| Тип записи | a | |||
| Библиографический уровень | m | |||
| 001 | Контрольный номер | 0239ca1e-de0b-4564-8818-10687b675821 | ||
| 005 | Дата корректировки | 20140703134315.9 | ||
| 008 | Кодируемые данные | 050207 | ||
| 020 | c | Цена, тираж | 50.00 | |
| 040 | a | Служба первич. каталог. | НБ ТвГУ | |
| 041 | a | Код языка текста | rus | |
| a | Код языка текста | Бесплатные | ||
| 080 | a | Индекс УДК | 548(075.8) | |
| a | Индекс УДК | 548(075.32) | ||
| 084 | a | Индекс другой классификации/Индекс ББК | В37я73-1 | |
| a | Индекс другой классификации/Индекс ББК | В37я723-1 | ||
| 090 | x | Авторский знак | Г59 | |
| a | Полочн. индекс | В37 | ||
| 100 | 1_ | a | Автор | Годлевский Михаил Николаевич |
| 245 | 10 | a | Заглавие | Краткий курс кристаллографии |
| b | Продолж. заглавия | пособие для вузов, техникумов и заоч. обучения | ||
| c | Ответственность | М. Н. Годлевский | ||
| 260 | 0_ | a | Место издания | Л. |
| a | Место издания | Москва | ||
| c | Дата издания | 1932 | ||
| b | Издательство | Георазведиздат | ||
| 300 | a | Объем | 59, [1] с. | |
| b | Иллюстрации/ тип воспроизводства | ил. | ||
| 504 | a | Библиография | Библиогр.: с. 3. | |
| 583 | a | Действие | Получение впервые 20 07.02.2005 | |
| k | Исполнитель действия | Дар читателя | ||
| 650 | a | Основная рубрика | Кристаллография | |
| x | Основная подрубрика | Учебники для вузов | ||
| x | Основная подрубрика | Учебники для средних специальных учебных заведений | ||
| 653 | a | Ключевые слова | Кристаллография | |
| 852 | t | Порядковый номер экземпляра | 1 | |
| p | Инвентарный номер | 801118 | ||
| 863 | t | 00081675 | ||
| 930 | a | Новая/Ретро | учебники | |
| 952 | p | 20.2005 50.00 1 801118 | ||
| c | Вид литературы | К ру | ||
| 954 | a | Дата поступления на обработку | 20050604 | |
| 999 | a | Подразделение 2 | Фил3 |